[Event "Lombardia-ch"]
[Site "Monza"]
[Date "2005.05.21"]
[Round "4"]
[White "Fornari, Sergio"]
[Black "Azzoni, Silvia"]
[Result "0-1"]
[WhiteElo "1403"]
[BlackElo "1568"]
[PlyCount "110"]
[EventDate "2005.05.14"]
[EventType "swiss"]
[EventRounds "6"]
[EventCountry "ITA"]
[SourceTitle "EXT 2007"]
[Source "ChessBase"]
[SourceDate "2006.11.23"]
[SourceVersion "1"]
[SourceVersionDate "2006.11.23"]
[SourceQuality "1"]

1. d4 d5 2. Nf3 Bf5 3. Bg5 Nf6 4. Bxf6 exf6 5. e3 Bb4+ 6. c3 Ba5 7. Nbd2 0-0 8. Nh4 Be6 9. Bd3 Nd7 10. e4 c5 11. exd5 Bxd5 12. 0-0 cxd4 13. Qh5 f5 14. Nxf5 Nf6 15. Qh4 dxc3 16. bxc3 Bxc3 17. Rad1 Bxa2 18. Qg3 Nh5 19. Qf3 g6 20. Nh6+ Kh8 21. Rfe1 Bxd2 22. Rxd2 Be6 23. g4 Qg5 24. Qe3 Nf4 25. Qe5+ Qxe5 26. Rxe5 Rad8 27. Re3 Nxd3 28. Rexd3 Rxd3 29. Rxd3 Rc8 30. f4 Kg7 31. g5 Kf8 32. h4 Ke7 33. Rf3 f5 34. gxf6+ Kxf6 35. Kg2 b5 36. Kf2 b4 37. f5 gxf5 38. Ng4+ Ke7 39. Ne3 Rc5 40. Nd1 a5 41. Ke1 Kf6 42. Nb2 Rc3 43. Rf2 b3 44. Kd1 Bf7 45. Na4 Bh5+ 46. Kd2 Rc2+ 47. Ke3 Rxf2 48. Kxf2 Bd1 49. Ke3 Ke5 50. Nb2 Bc2 51. Nc4+ Ke6 52. Nb2 h6 53. Kf4 Kd6 54. Nc4+ Kc5 55. Nb2 Kb4 0-1

[Event "Lombardia-ch"]
[Site "Monza"]
[Date "2005.05.14"]
[Round "1"]
[White "Azzoni, Silvia"]
[Black "Vignoli, Matteo"]
[Result "0-1"]
[WhiteElo "1568"]
[BlackElo "1978"]
[PlyCount "60"]
[EventDate "2005.05.14"]
[EventType "swiss"]
[EventRounds "6"]
[EventCountry "ITA"]
[SourceTitle "EXT 2007"]
[Source "ChessBase"]
[SourceDate "2006.11.23"]
[SourceVersion "1"]
[SourceVersionDate "2006.11.23"]
[SourceQuality "1"]

1. e4 e5 2. Nf3 Nc6 3. Bc4 Bc5 4. d3 Nf6 5. Bg5 d6 6. h3 Na5 7. Bb3 Nxb3 8. cxb3 c6 9. 0-0 0-0 10. Nbd2 Be6 11. Re1 Qd7 12. Qc2 Nh5 13. Nf1 h6 14. Be3 Bxe3 15. Rxe3 c5 16. Rd1 Nf4 17. N3h2 b5 18. Rg3 a5 19. Ng4 Kh8 20. Qd2 f5 21. Ngh2 a4 22. Ne3 axb3 23. axb3 fxe4 24. dxe4 Bxb3 25. Re1 Be6 26. Nhg4 Nh5 27. Nd5 Bxd5 28. Qxd5 Nxg3 29. fxg3 Qf7 30. Qxd6 h5 0-1